Brownfield clients gain protection (Record no. 72885)

MARC details
000 -LEADER
fixed length control field 01293cam a2200229 4500
001 - CONTROL NUMBER
control field ABS66838
008 - FIXED-LENGTH DATA ELEMENTS--GENERAL INFORMATION
fixed length control field 030618n2003 000 0 eng u
035 ## - SYSTEM CONTROL NUMBER
System control number (Sirsi) u122659
100 ## - MAIN ENTRY--PERSONAL NAME
Personal name Wilbourn, P.
245 ## - TITLE STATEMENT
Title Brownfield clients gain protection
260 ## - PUBLICATION, DISTRIBUTION, ETC.
Date of publication, distribution, etc. 2003
490 ## - SERIES STATEMENT
Series statement Estates Gazette
Volume/sequential designation (0324) 14 June 2003, 153(1)
520 ## - SUMMARY, ETC.
Summary, etc. Champions the role of chartered environmental surveyors in providing specialist advice to clients working on brownfield projects. Explains why many surveyors turned away from environmental risk and contaminated land in the 1990s and highlights the often unsatisfactory relationships between environmental consultants, valuation surveyors and clients. Argues that the creation of the chartered environmental surveyor has significantly improved the situation for clients as they now have protection from experts in environmental law and science, property consultancy and valuation matters who comply with RICS professional ethics and conduct.
590 ## - LOCAL NOTE (RLIN)
Local note ABS
650 ## - SUBJECT ADDED ENTRY--TOPICAL TERM
Topical term or geographic name entry element BROWNFIELD DEVELOPMENT
650 ## - SUBJECT ADDED ENTRY--TOPICAL TERM
Topical term or geographic name entry element ENVIRONMENTAL RISK
650 ## - SUBJECT ADDED ENTRY--TOPICAL TERM
Topical term or geographic name entry element CHARTERED ENVIRONMENTAL SURVEYORS
650 ## - SUBJECT ADDED ENTRY--TOPICAL TERM
Topical term or geographic name entry element ENVIRONMENTAL CONSULTANTS
650 ## - SUBJECT ADDED ENTRY--TOPICAL TERM
Topical term or geographic name entry element ABOUT RICS-RICS MEMBERS
690 ## - LOCAL SUBJECT ADDED ENTRY--TOPICAL TERM (OCLC, RLIN)
Topical term or geographic name as entry element MANAGEMENT-BUSINESS MANAGEMENT-PROFESSIONAL PRACTICE
942 ## - ADDED ENTRY ELEMENTS (KOHA)
Suppress in OPAC 0
Holdings
Withdrawn status Lost status Source of classification or shelving scheme Damaged status Not for loan Home library Current library Shelving location Date acquired Total Checkouts Full call number Barcode Date last seen Copy number Price effective from Koha item type
    Dewey Decimal Classification     London London Journal article 18/06/2003   ABS66838 122659-1001 06/08/2019 1 06/08/2019 Journal article